000 01184cam a22002771i 4500
003 SA-RiAUC
005 20251106072639.0
008 251105s2000 uk g 00000dara c
040 _aSA-RiAUC
_bara
_cSA-RiAUC
_erda
082 0 4 _a819.2
090 _a819.2
_bر ي س
100 1 _aالريس، رياض نجيب،
_d1937-2020
_eمؤلف.
245 1 0 _aحديث صحافي مع الإمام علي بن أبي طالب /
_cرياض نجيب الريس.
250 _aالطبعة الأولى.
264 1 _aلندن ؛
_aبيروت :
_bرياض الريس للكتب والنشر،
_c2000
300 _a43 صفحة ؛
_c15 سم
336 _aنص
_btxt
_2rdacontent
_3كتاب
337 _aبدون وسيط
_bn
_2rdamedia
338 _aمجلد
_bnc
_2rdacarrier
600 0 7 _aعلي بن أبي طالب بن عبد المطلب الهاشمي،
_d23 قبل الهجرة-40 هجري
_2aucnm
650 7 _aالخطابة العربية
_yعصر صدر الإسلام
_2aucsh
650 7 _aالبلاغة العربية
_2aucsh
650 7 _aالنثر العربي
_yعصر صدر الإسلام
_2aucsh
942 _2ddc
_cBOOK
_n0
949 _aSA-JeALM
_d251105
_umohamedma123
_n1
999 _c13044
_d13044